000
00311nam a2200121Ia 4500
008
220204s9999 xx 000 0 und d
082
_a
579(038)
_b
SIN
100
_a
Sainsbury, Diana
245
0
_a
Dictionary of microbiology
260
_a
Chichester
_b
John Wiley
_c
1978
700
_a
Singleton, Paul
942
_c
BK
999
_c
31403
_d
31403